Statistiques concernant Game of thrones - qui est ?

Cliquez ici pour prendre le quiz!

Statistiques générales

  • Ce quiz a été pris 139 fois
  • Le résultat moyen est 7 sur 28

Statistiques - réponses

HintRéponse% Correct
Aquaman - differents films DC ComicsKhal Drogo
79%
Argus Rusard - Harry PotterWalder Frey
67%
Madame Granger - Harry PotterCatelyn Stark
65%
Nymphadora Tonks - Harry PotterOsha
58%
Jean Grey - X-Men: ApocalypseSansa Stark
54%
Capitaine Phasma - Star WarsBrienne de Torth
49%
Sarah Connor - Terminator GenisysDaenerys Targaryen
44%
La reine Gorgo - 300Cersei Lannister
36%
Un acteur qu'il faut "arrêter de tuer" ;) - SdA / Goldeneye / The IslandEddard Stark
35%
Anne Boleyn - The TudorsMargaery Tyrell
30%
Le prince ("Kit") - CendrillonRobb Stark
28%
Gouverneur Swann - Pirates des CaraïbesLe Grand Moineau
25%
Un garçon dans les Narrows - Batman BeginsJoffrey Baratheon
21%
Général Maximilian Veers - L'Empire contre-attaqueGrand Maître Pycelle
13%
Jules César - Rome (série)Mance Rayder
10%
Commandant Alastair Denniston - Imitation GameTywin Lannister
8%
Brutus - Rome (série)Edmure Tully
7%
Général Dodonna - Rogue OneBarristan Selmy
6%
Dave - The Full MontyRobert Baratheon
5%
Nina von Stauffenberg - ValkyrieMelisandre d'Asshai
5%
Cardinal Jean de Médicis - Borgia (série)Samwell Tarly
4%
Un agent de la CIA : The Dark Knight RisesPetyr Baelish
3%
Solon - Le choc des TitansDavos Mervault
2%
Sykes - OblivionJaime Lannister
2%
Girolamo Savonarola - Borgia (série)Jorah Mormont
1%
Darkseid - Justice LeagueRoose Bolton
1%
Belo - Le choc des TitansSandor Clegane
1%
Angus McLeod - HighlanderJeor Mormont
0%

Distribution des résultats

Percentile par nombre de réponses

% des personnes avec chaque résultat

Votre développement - résultats

Vous n’avez pas pris ce quiz